<?xml version="1.0" encoding="UTF-8"?>
<collection xmlns="http://www.loc.gov/MARC21/slim">
    <record>
        <controlfield tag="001">100719</controlfield>
        <controlfield tag="005">20210316104638.0</controlfield>
        <datafield tag="024" ind1="7" ind2=" ">
            <subfield code="2">doi</subfield>
            <subfield code="a">10.1002/uog.17373</subfield>
        </datafield>
        <datafield tag="024" ind1="8" ind2=" ">
            <subfield code="2">sideral</subfield>
            <subfield code="a">122747</subfield>
        </datafield>
        <datafield tag="037" ind1=" " ind2=" ">
            <subfield code="a">ART-2017-122747</subfield>
        </datafield>
        <datafield tag="041" ind1=" " ind2=" ">
            <subfield code="a">eng</subfield>
        </datafield>
        <datafield tag="100" ind1=" " ind2=" ">
            <subfield code="a">Perales A.</subfield>
        </datafield>
        <datafield tag="245" ind1=" " ind2=" ">
            <subfield code="a">sFlt-1/PlGF for prediction of early-onset pre-eclampsia: STEPS (Study of early pre-eclampsia in Spain)</subfield>
        </datafield>
        <datafield tag="260" ind1=" " ind2=" ">
            <subfield code="c">2017</subfield>
        </datafield>
        <datafield tag="506" ind1="0" ind2=" ">
            <subfield code="a">Access copy available to the general public</subfield>
            <subfield code="f">Unrestricted</subfield>
        </datafield>
        <datafield tag="520" ind1="3" ind2=" ">
            <subfield code="a">Objective: A high ratio of soluble fms‐like tyrosine kinase‐1 (sFlt‐1) to placental growth factor (PlGF) has been linked to pre‐eclampsia (PE). We evaluated the sFlt‐1/PlGF ratio as a predictive marker for early‐onset PE in women at risk of PE. Methods: This prospective, Spanish, multicenter study included pregnant women with a risk factor for PE, including intrauterine growth restriction, PE, eclampsia or hemolysis, elevated liver enzymes and low platelet count syndrome in previous pregnancy, pregestational diabetes or abnormal uterine artery Doppler. The primary objective was to show that the sFlt‐1/PlGF ratio at 20, 24 and 28 weeks' gestation was predictive of early‐onset PE (&lt; 34 + 0 weeks). Serum sFlt‐1 and PlGF were measured at 20, 24 and 28 weeks. Multivariate logistic regression was used to develop a predictive model. Results: A total of 819 women were enrolled, of which 729 were suitable for analysis. Of these, 78 (10.7%) women developed PE (24 early onset and 54 late onset). Median sFlt‐1/PlGF ratio at 20, 24 and 28 weeks was 6.3 (interquartile range (IQR), 4.1–9.3), 4.0 (IQR, 2.6–6.3) and 3.3 (IQR, 2.0–5.9), respectively, for women who did not develop PE (controls); 14.5 (IQR, 5.5–43.7), 18.4 (IQR, 8.2–57.9) and 51.9 (IQR, 11.5–145.6) for women with early‐onset PE; and 6.7 (IQR, 4.6–9.9), 4.7 (IQR, 2.8–7.2) and 6.0 (IQR, 3.8–10.5) for women with late‐onset PE. Compared with early‐onset PE, the sFlt‐1/PlGF ratio was significantly lower in controls (P &lt; 0.001 at each timepoint) and in women with chronic hypertension (P &lt; 0.001 at each timepoint), gestational hypertension (P &lt; 0.001 at each timepoint) and late‐onset PE (P &lt; 0.001 at each timepoint). A prediction model for early‐onset PE was developed, which included the sFlt‐1/PlGF ratio plus mean arterial pressure, being parous and previous PE, with areas under the receiver–operating characteristics curves of 0.86 (95% CI, 0.77–0.95), 0.91 (95% CI, 0.85–0.97) and 0.93 (95% CI, 0.86–0.99) at 20, 24 and 28 weeks, respectively, and was superior to models using the sFlt‐1/PlGF ratio alone or uterine artery mean pulsatility index. Conclusions: The sFlt‐1/PlGF ratio can improve prediction of early‐onset PE for women at risk of this condition.</subfield>
        </datafield>
        <datafield tag="540" ind1=" " ind2=" ">
            <subfield code="9">info:eu-repo/semantics/openAccess</subfield>
            <subfield code="a">by-nc-nd</subfield>
            <subfield code="u">http://creativecommons.org/licenses/by-nc-nd/3.0/es/</subfield>
        </datafield>
        <datafield tag="590" ind1=" " ind2=" ">
            <subfield code="a">5.654</subfield>
            <subfield code="b">2017</subfield>
        </datafield>
        <datafield tag="591" ind1=" " ind2=" ">
            <subfield code="a">ACOUSTICS</subfield>
            <subfield code="b">2 / 31 = 0.065</subfield>
            <subfield code="c">2017</subfield>
            <subfield code="d">Q1</subfield>
            <subfield code="e">T1</subfield>
        </datafield>
        <datafield tag="591" ind1=" " ind2=" ">
            <subfield code="a">RADIOLOGY, NUCLEAR MEDICINE &amp; MEDICAL IMAGING</subfield>
            <subfield code="b">10 / 127 = 0.079</subfield>
            <subfield code="c">2017</subfield>
            <subfield code="d">Q1</subfield>
            <subfield code="e">T1</subfield>
        </datafield>
        <datafield tag="591" ind1=" " ind2=" ">
            <subfield code="a">OBSTETRICS &amp; GYNECOLOGY</subfield>
            <subfield code="b">3 / 81 = 0.037</subfield>
            <subfield code="c">2017</subfield>
            <subfield code="d">Q1</subfield>
            <subfield code="e">T1</subfield>
        </datafield>
        <datafield tag="592" ind1=" " ind2=" ">
            <subfield code="a">2.647</subfield>
            <subfield code="b">2017</subfield>
        </datafield>
        <datafield tag="593" ind1=" " ind2=" ">
            <subfield code="a">Medicine (miscellaneous)</subfield>
            <subfield code="c">2017</subfield>
            <subfield code="d">Q1</subfield>
        </datafield>
        <datafield tag="593" ind1=" " ind2=" ">
            <subfield code="a">Obstetrics and Gynecology</subfield>
            <subfield code="c">2017</subfield>
            <subfield code="d">Q1</subfield>
        </datafield>
        <datafield tag="593" ind1=" " ind2=" ">
            <subfield code="a">Reproductive Medicine</subfield>
            <subfield code="c">2017</subfield>
            <subfield code="d">Q1</subfield>
        </datafield>
        <datafield tag="593" ind1=" " ind2=" ">
            <subfield code="a">Radiology, Nuclear Medicine and Imaging</subfield>
            <subfield code="c">2017</subfield>
            <subfield code="d">Q1</subfield>
        </datafield>
        <datafield tag="593" ind1=" " ind2=" ">
            <subfield code="a">Radiological and Ultrasound Technology</subfield>
            <subfield code="c">2017</subfield>
            <subfield code="d">Q1</subfield>
        </datafield>
        <datafield tag="655" ind1=" " ind2="4">
            <subfield code="a">info:eu-repo/semantics/article</subfield>
            <subfield code="v">info:eu-repo/semantics/publishedVersion</subfield>
        </datafield>
        <datafield tag="700" ind1=" " ind2=" ">
            <subfield code="a">Delgado J. L.</subfield>
        </datafield>
        <datafield tag="700" ind1=" " ind2=" ">
            <subfield code="a">Calle M. de la</subfield>
        </datafield>
        <datafield tag="700" ind1=" " ind2=" ">
            <subfield code="a">García Hernández J. A.</subfield>
        </datafield>
        <datafield tag="700" ind1=" " ind2=" ">
            <subfield code="a">Escudero A. I.</subfield>
        </datafield>
        <datafield tag="700" ind1=" " ind2=" ">
            <subfield code="0">(orcid)0000-0002-0306-8858</subfield>
            <subfield code="a">Campillos  J. M.</subfield>
        </datafield>
        <datafield tag="700" ind1=" " ind2=" ">
            <subfield code="a">Sarabia M.D.</subfield>
        </datafield>
        <datafield tag="700" ind1=" " ind2=" ">
            <subfield code="a">Laíz, B.</subfield>
        </datafield>
        <datafield tag="700" ind1=" " ind2=" ">
            <subfield code="a">Duque, M.</subfield>
        </datafield>
        <datafield tag="700" ind1=" " ind2=" ">
            <subfield code="a">Navarro, M.</subfield>
        </datafield>
        <datafield tag="700" ind1=" " ind2=" ">
            <subfield code="a">Calmarza, P.</subfield>
        </datafield>
        <datafield tag="700" ind1=" " ind2=" ">
            <subfield code="a">Hund, M.</subfield>
        </datafield>
        <datafield tag="700" ind1=" " ind2=" ">
            <subfield code="a">Álvarez, F.V.</subfield>
        </datafield>
        <datafield tag="773" ind1=" " ind2=" ">
            <subfield code="g">50, 3 (2017), 373-382</subfield>
            <subfield code="p">Ultrasound obstet. gynecol.</subfield>
            <subfield code="t">ULTRASOUND IN OBSTETRICS &amp; GYNECOLOGY</subfield>
            <subfield code="x">0960-7692</subfield>
        </datafield>
        <datafield tag="856" ind1="4" ind2=" ">
            <subfield code="s">327613</subfield>
            <subfield code="u">http://zaguan.unizar.es/record/100719/files/texto_completo.pdf</subfield>
            <subfield code="y">Versión publicada</subfield>
        </datafield>
        <datafield tag="856" ind1="4" ind2=" ">
            <subfield code="s">3163111</subfield>
            <subfield code="u">http://zaguan.unizar.es/record/100719/files/texto_completo.jpg?subformat=icon</subfield>
            <subfield code="x">icon</subfield>
            <subfield code="y">Versión publicada</subfield>
        </datafield>
        <datafield tag="909" ind1="C" ind2="O">
            <subfield code="o">oai:zaguan.unizar.es:100719</subfield>
            <subfield code="p">articulos</subfield>
            <subfield code="p">driver</subfield>
        </datafield>
        <datafield tag="951" ind1=" " ind2=" ">
            <subfield code="a">2021-03-16-07:58:09</subfield>
        </datafield>
        <datafield tag="980" ind1=" " ind2=" ">
            <subfield code="a">ARTICLE</subfield>
        </datafield>
    </record>

    
</collection>